Los primitivos habitantes de España / (Record no. 92050)

MARC details
000 -LEADER
campo de control de longitud fija 00766nam a2200253 i 4500
001 - NÚMERO DE CONTROL
campo de control 92050
003 - IDENTIFICADOR DE NÚMERO DE CONTROL
campo de control ES-MaACL
005 - FECHA Y HORA DE LA ÚLTIMA TRANSACCIÓN
campo de control 20230906180904.0
007 - CAMPO FIJO DE DESCRIPCIÓN FÍSICA--INFORMACIÓN GENERAL
campo de control de longitud fija t|
008 - DATOS DE LONGITUD FIJA--INFORMACIÓN GENERAL
campo de control de longitud fija 050329s1990 sp ||||1| spa d
020 ## - NÚMERO INTERNACIONAL ESTÁNDAR DEL LIBRO
Número Internacional Estándar del Libro 84-86547-12-1
080 ## - NÚMERO DE LA CLASIFICACIÓN DECIMAL UNIVERSAL
Número de la Clasificación Decimal Universal 811.361
080 ## - NÚMERO DE LA CLASIFICACIÓN DECIMAL UNIVERSAL
Número de la Clasificación Decimal Universal 946.0".../-218"
100 1# - ENTRADA PRINCIPAL--NOMBRE DE PERSONA
Nombre de persona Humboldt, Wilhelm von.
9 (RLIN) 64716
245 14 - MENCIÓN DEL TÍTULO
Título Los primitivos habitantes de España /
Mención de responsabilidad, etc. Wilhelm von Humboldt.
260 ## - PUBLICACIÓN, DISTRIBUCIÓN, ETC.
Lugar de publicación, distribución, etc. Madrid :
Nombre del editor, distribuidor, etc. Polifemo,
Fecha de publicación, distribución, etc. 1990.
300 ## - DESCRIPCIÓN FÍSICA
Extensión 223 p. :
Otras características físicas il. ;
Dimensiones 20 cm.
490 1# - MENCIÓN DE SERIE
Mención de serie El espejo navegante ;
Designación de volumen o secuencia 2
650 ## - PUNTO DE ACCESO ADICIONAL DE MATERIA--TÉRMINO DE MATERIA
Término de materia o nombre geográfico como elemento de entrada Lengua vasca.
9 (RLIN) 14329
651 #4 - PUNTO DE ACCESO ADICIONAL DE MATERIA--NOMBRE GEOGRÁFICO
Nombre geográfico España-
Subdivisión general Historia-
Subdivisión cronológica ...-0218, Época prerromana.
9 (RLIN) 8210
830 0# - PUNTO DE ACCESO ADICIONAL DE SERIE-TÍTULO UNIFORME
Título uniforme El espejo navegante ;
Designación de volumen o secuencia 2
9 (RLIN) 184239
852 ## - LOCALIZACIÓN
Ubicación ES-MaACL
Número de control de estantería E-10860
Sublocalización o colección R.135723
Holdings
Estatus retirado Estado de pérdida Estado de daño No para préstamo Biblioteca de origen Biblioteca actual Ubicación en estantería Fecha de adquisición Fuente de adquisición Total de préstamos Signatura topográfica completa Código de barras Visto por última vez Precio de reemplazo Tipo de ítem Koha
        Biblioteca del Ateneo de Madrid Biblioteca del Ateneo de Madrid Depósito 2 17/01/2008     E-10860 1096110 23/02/2023 23/02/2023 Libro impreso